000 00351cam a2200145ua 4500
041 _aeng
_h
082 _a928.24
_bREE/TH
100 _aRess, Richard .
245 _aTheory of my Time /
_cRichard Ress.
_hTextual Documents
260 _aLondon :
_bSecker & Warburg ,
_c1963.
300 _a239 ; .
504 _a
942 _cBK
999 _c1228
_d1228